Statistics for Top Current NBA Shot-Blockers

Click here to take the quiz!

General Stats

  • This quiz has been taken 24 times
  • The average score is 12 of 13

Answer Stats

TeamPlayer% Correct
NOPAnthony Davis
100%
LACDeAndre Jordan
100%
GSWDraymond Green
100%
UTARudy Gobert
100%
MIAHassan Whiteside
95%
CLELeBron James
95%
HOUClint Capela
90%
CHADwight Howard
90%
MILGiannis Antetokounmpo
90%
PHIJoel Embiid
90%
GSWKevin Durant
90%
NYKKristaps Porzingis
86%
TORSerge Ibaka
67%

Score Distribution

Percentile by Number Answered

Percent of People with Each Score

Your Score History

You have not taken this quiz